মুঘল ইতিহাস চর্চার প্রকৃতি ও ধারা , ১৫২৬-১৭০৭ খ্রীষ্টাব্দ / (Record no. 79931)
[ view plain ]
| 000 -LEADER | |
|---|---|
| fixed length control field | 01578nam a2200253 a 4500 |
| 001 - CONTROL NUMBER | |
| RUCL Control Number | 79931 |
| 003 - CONTROL NUMBER IDENTIFIER | |
| rucl marc code | BD-RjUL |
| 005 - DATE AND TIME OF LATEST TRANSACTION | |
| control field | 20220607113709.0 |
| 008 - FIXED-LENGTH DATA ELEMENTS--GENERAL INFORMATION | |
| fixed length control field | 220607s2004 bg ||||| m||| 00| 0 ben d |
| 035 ## - SYSTEM CONTROL NUMBER | |
| system control number | (BD-RjUL)79931 |
| 040 ## - CATALOGING SOURCE | |
| Original cataloging agency | BD-RjUL |
| Language of cataloging | ben / eng |
| Transcribing agency | BD-RjUL |
| Modifying agency | BD-RjUL |
| 041 ## - LANGUAGE CODE | |
| Language code of Book | ben |
| 082 ## - DEWEY DECIMAL CLASSIFICATION NUMBER | |
| Classification number | 954.025 |
| Author mark and Year | ALM 2004 |
| DDC Edition number | 23 |
| 100 ## - MAIN ENTRY--PERSONAL NAME | |
| Personal name | আলম, এস এম শাহ্ |
| 9 (RLIN) | 3472 |
| 245 01 - TITLE STATEMENT | |
| Title | মুঘল ইতিহাস চর্চার প্রকৃতি ও ধারা , ১৫২৬-১৭০৭ খ্রীষ্টাব্দ / |
| Statement of responsibility, etc | এস এম শাহ্ আলম ; |
| Name of Supervisor/Co-Supervisor | তত্ত্বাবধায়ক : এ কে এম ইয়াকুব আলী |
| 260 ## - PUBLICATION, DISTRIBUTION, ETC. (IMPRINT) | |
| Place of publication, distribution, etc | রাজশাহী : |
| Name of publisher, distributor, etc | ইসলামের ইতিহাস ও সংস্কৃতি বিভাগ, রাজশাহী বিশ্ববিদ্যালয়, |
| Date of publication, distribution, etc | ২০০৪ |
| 300 ## - PHYSICAL DESCRIPTION | |
| Pagination | [৩], ii, ১৭৬ পাতা ; |
| Dimensions | ২৯ সেমি. |
| 502 ## - DISSERTATION NOTE | |
| Dissertation note | থিসিস (এম. ফিল.) -- ইসলামের ইতিহাস ও সংস্কৃতি বিভাগ, রাজশাহী বিশ্ববিদ্যালয়, ২০০৪ |
| 504 ## - BIBLIOGRAPHY, ETC. NOTE | |
| Bibliography, etc | গ্রন্থপঞ্জী : পাতা [১৬৭]-১৭৬ |
| 650 ## - SUBJECT ADDED ENTRY--TOPICAL TERM | |
| Topical term or geographic name as entry element | মুঘল ইতিহাস |
| Form subdivision | ১৫২৬-১৭০৭ খ্রীষ্টাব্দ |
| 9 (RLIN) | 3473 |
| Topical term or geographic name as entry element | Mughal history |
| Form subdivision | 1526-1708 AD |
| 9 (RLIN) | 3474 |
| 700 ## - ADDED ENTRY--SUPERVISOR/CO-SUPERVISOR NAME | |
| Personal name | আলী, এ কে এম ইয়াকুব, তত্ত্বাবধায়ক |
| 9 (RLIN) | 3475 |
| 942 ## - ADDED ENTRY ELEMENTS (KOHA) | |
| Source of classification or shelving scheme | Dewey Decimal Classification |
| Koha item type | Theses |
| Source of classification or shelving scheme | Damaged status | Not for loan | Collection code | Permanent Location | Current Location | Shelving location | Date of accession | Source of acquisition | Total Checkouts | Full call number | Barcode | Date last seen | Copy number | Thesis |
|---|---|---|---|---|---|---|---|---|---|---|---|---|---|---|
| Dewey Decimal Classification | Not For Loan | Theses | Central Library, University of Rajshahi | Central Library, University of Rajshahi | Documentation Section | 05/03/2005 | Controller of Exam.; R.U. | BTHE 954.025 ALM 2004 | D2379 | 07/06/2022 | C-I | Theses |